000
00218 a2200097 4500
001
46735
100
_a
Lufbery R
245
_a
They fought for the sky
260
_a
New York
_b
Holt Rinehart
_c
090
_c
29829
_d
29829
942
_a
NUST-CAE
_c
M
_c
22034
999
_c
281808
_d
281808